000
00331nam a2200145Ia 4500
100
_a
Bassett/J
650
_a
Chemistry
942
_c
BK
654
_a
quantitative
245
_a
Vogets textbook of quantitative inorganic analysis
260
_b
Longman
_a
lLondon
_c
1982
082
_a
545
_b
BAS
300
_a
925
546
_a
ENGLISH
999
_c
28927
_d
28927